Lyrics raten #34 - Statistiken

Allgemein
  • Dieses Quiz wurde 284 mal gespielt
  • Das Durchschnittsergebnis liegt bei 163 aus 476
Antwortstatistiken
Antwort % Korrekt
Ich
97%
ich
97%
du
94%
Du
94%
'n
86%
da
84%
wir
84%
sie
83%
bin
81%
er
80%
es
80%
die
77%
der
75%
das
73%
Das
73%
und
72%
Und
72%
ein
65%
Ein
65%
Liebe
65%
bist
62%
Bist
62%
für
58%
den
57%
dich
57%
Wie
56%
wie
56%
Eine
55%
mein
55%
ist
53%
Ist
53%
sei
52%
nicht
49%
so
49%
zu
49%
in
48%
was
48%
mich
45%
mir
43%
mir,
43%
auf
41%
auf,
41%
deine
40%
weiss,
40%
dir
39%
dir,
39%
ja,
39%
meine
38%
mit
37%
hast
36%
wenn
34%
kannst,
32%
kannst
32%
kein
32%
willst
32%
all
31%
dann
31%
Mann
31%
nur
31%
doch
29%
Doch
29%
mach
29%
um
29%
Denn
28%
denn,
28%
denn
28%
von
27%
gehe
25%
dem
24%
alles
22%
Leben
22%
schon
22%
weisst,
22%
weisst
22%
zum
22%
gut
21%
Arsch
20%
fick
20%
komm
20%
Komm
20%
Nacht
20%
gehen
19%
Jetzt
18%
jetzt
18%
machen
18%
meiner
18%
meinen
17%
ohne
17%
geht
16%
mal
16%
über
16%
diese
15%
ihn
15%
wird
15%
ficke
14%
gross,
14%
gross
14%
hätte
13%
heute
13%
meinem
13%
sagst,
13%
Baby,
12%
Mond
12%
nen
12%
Zeit
12%
ficken,
11%
ficken
11%
lach
11%
lass
11%
sehr
11%
Augen
10%
heiss
10%
Schwanz
10%
Sterne
10%
wissen,
10%
zusamm
10%
einfach
9%
siehst
9%
zeig
9%
dick
8%
singe
8%
Titten
8%
Titten,
8%
lachen
7%
richtig
7%
Schlampe
7%
Blick
6%
deshalb
6%
gern
6%
neben
6%
Star
6%
verdient
6%
Erste
5%
fühlst
5%
rappe
5%
Sache
5%
wirklich
5%
bitte
4%
echt
4%
Ficker
4%
geiles
4%
grosse
4%
klar,
4%
paar
4%
sexy
4%
Stück
4%
um's
4%
verliebt
4%
Alter,
3%
Babe,
3%
Biest,
3%
Blicke
3%
gleich
3%
lässt
3%
Pokemon
3%
Pokemonkarten
3%
Schlampen,
3%
schönste
3%
solltest
3%
unfassbar
3%
wirfst
3%
arrogante
2%
belogen,
2%
betrogen,
2%
Boden
2%
Dazu
2%
Edition
2%
Enton,
2%
glitzern
2%
Glurak
2%
Hose
2%
intim
2%
Kamehameha
2%
Karte
2%
Kleidung
2%
Kondome
2%
Lippenstift,
2%
Mewtu,
2%
misshandel
2%
Nüsse
2%
Pikachu,
2%
Pikachu
2%
Problem,
2%
reiss
2%
Reiss
2%
Schiggy,
2%
Sprüche
2%
strippen,
2%
Tisch
2%
warte
2%
Zapdos,
2%
zuerst
2%
bezwinge
1%
blicken
1%
geritzt
1%
glätte
1%
Handvoll
1%
heulst
1%
Kissen
1%
Riesenglied
1%
schnapp
1%
Show,
1%
Tattoo
1%
Titellied
1%
verletzt
1%
versteckst
1%
Wogen,
1%
zeichnet
1%
grade
0%
Mülleimer
0%
Reste
0%
verheult,
0%
zerrissen
0%
Keine übereinstimmenden Quizze gefunden
Verteilung der Resultate
Anzahl Personen mit jedem Resultat
Perzentil nach korrekt beantworteten Fragen
Ihre Resultats-Entwicklung
Sie haben dieses Quiz noch nicht gespielt